BIBLIOTECA

SENCICO

Capacitación profesional : (Registro nro. 363)

Detalles MARC
000 -LEADER
fixed length control field 01055nam a2200229Ia 4500
003 - CONTROL NUMBER IDENTIFIER
control field PE SENCICO BE
005 - DATE AND TIME OF LATEST TRANSACTION
control field 20251020182435.0
008 - FIXED-LENGTH DATA ELEMENTS--GENERAL INFORMATION
fixed length control field 200515s9999 xx 000 0 und d
040 ## - CATALOGING SOURCE
Original cataloging agency PE SENCICO BE
Transcribing agency PE SENCICO BE
041 ## - LANGUAGE CODE
Language code of text/sound track or separate title spa
082 ## - DEWEY DECIMAL CLASSIFICATION NUMBER
Classification number 378.013
Item number C7
110 1# - MAIN ENTRY--CORPORATE NAME
Corporate name or jurisdiction name as entry element Corporación de Capacitación de la Construcción
9 (RLIN) 3062
245 10 - TITLE STATEMENT
Title Capacitación profesional :
Remainder of title sector de la construcción, análisis ocupacional y programas /
Statement of responsibility, etc. Corporación de Capacitación de la Construcción
250 ## - EDITION STATEMENT
Edition statement 1a ed.
260 ## - PUBLICATION, DISTRIBUTION, ETC.
Place of publication, distribution, etc. Santiago :
Name of publisher, distributor, etc. Corporación de Capacitación de la Construcción ;
Date of publication, distribution, etc. 1976
300 ## - PHYSICAL DESCRIPTION
Extent 228 páginas :
Other physical details tablas ;
Dimensions 26 cm.
520 3# - SUMMARY, ETC.
Summary, etc. Enumeración completa de oficios, especialidades y técnicas ligadas a la construcción, tiene como objetivo primordial hacer el análisis ocupacional de todo el sector, tomando en consideración sus distintos niveles.
650 10 - SUBJECT ADDED ENTRY--TOPICAL TERM
Topical term or geographic name entry element Formación profesional
9 (RLIN) 1311
650 20 - SUBJECT ADDED ENTRY--TOPICAL TERM
Topical term or geographic name entry element Planificación curricular
9 (RLIN) 3033
650 20 - SUBJECT ADDED ENTRY--TOPICAL TERM
Topical term or geographic name entry element Trabajadores de la construcción
9 (RLIN) 147
942 ## - ADDED ENTRY ELEMENTS (KOHA)
Koha item type Libros
Source of classification or shelving scheme Dewey Decimal Classification
Existencias
Fecha de la última vez que lo usaron Número de ingreso o de inventario Pago total Signatura topográfica completa Código de barras Precio efectivo desde Tipo de documento Estado perdido Sistema de clasificación Estado dañado No es para préstamo Retirado Ubicación permanente Ubicación actual Fecha de adquisición
15/05/2020 13551   378.013/C7 BibLima25050008 15/05/2020 Libros   Dewey Decimal Classification       Biblioteca Central Lima Biblioteca Central Lima 15/05/2020
15/05/2020 3001   378.013/C7/ej. 2 BibLima25050009 15/05/2020 Libros   Dewey Decimal Classification       Biblioteca Central Lima Biblioteca Central Lima 15/05/2020